The greatest sin (Record no. 503982)

000 -LEADER
fixed length control field 00419cam a22001457a 4500
008 - FIXED-LENGTH DATA ELEMENTS--GENERAL INFORMATION
fixed length control field 180718b2012 xxu||||| |||| 00| 0 eng d
082 ## - DEWEY DECIMAL CLASSIFICATION NUMBER
Classification number AB7 K526
245 ## - TITLE STATEMENT
Title The greatest sin
Statement of responsibility, etc edited by Abdul Khaliq
260 ## - PUBLICATION, DISTRIBUTION, ETC. (IMPRINT)
Place of publication, distribution, etc New Delhi
Name of publisher, distributor, etc Naba publishers
Date of publication, distribution, etc 2012
300 ## - PHYSICAL DESCRIPTION
Extent 79p.
650 ## - SUBJECT ADDED ENTRY--TOPICAL TERM
Topical term or geographic name as entry element Muslims -- literature.
9 (RLIN) 14997
650 ## - SUBJECT ADDED ENTRY--TOPICAL TERM
Topical term or geographic name as entry element Islam -- Customs and practices
9 (RLIN) 14998
700 ## - ADDED ENTRY--PERSONAL NAME
Personal name Khaliq, Abdul
9 (RLIN) 14999
942 ## - ADDED ENTRY ELEMENTS (KOHA)
Source of classification or shelving scheme
Holdings
Withdrawn status Lost status Source of classification or shelving scheme Damaged status Koha normalized classification for sorting Not for loan Permanent location Current location Date acquired Full call number Barcode Date last seen Price effective from Koha item type
        AB_7_000000000000000_K526   Indian Institute of Public Administration Indian Institute of Public Administration 2018-08-04 AB7 K526 GR20385 2018-08-04 2018-08-04 GR

Powered by Koha